[Event "SR 2. liga A 2018/2019"]
[Site "?"]
[Date "2019.02.03"]
[Round "7.4"]
[White "Cajka, Tibor"]
[Black "Londin, Martin"]
[Result "1-0"]
[WhiteElo "2084"]
[BlackElo "1916"]
[PlyCount "161"]
[EventDate "2018.??.??"]
[WhiteTeam "SK Osuske B"]
[BlackTeam "SK Skalica"]

1. e4 b6 2. d4 Bb7 3. Bd3 e6 4. c4 Nf6 5. Nc3 Bb4 6. Qc2 d5 7. cxd5 exd5 8.
Qa4+ Nc6 9. Bb5 Qd6 10. e5 Bxc3+ 11. bxc3 Qe6 12. Ne2 a6 13. Nf4 axb5 14. Nxe6
Rxa4 15. Nxg7+ Kd7 16. exf6 b4 17. cxb4 Nxd4 18. O-O Rxb4 19. Re1 Nc2 20. Re7+
Kc6 21. Bd2 Rd4 22. Be3 Rc4 23. Rd1 Nxe3 24. fxe3 Rf8 25. Ne8 Kc5 {=} 26. Rxc7+
Bc6 27. Ng7 Kd6 28. Re7 Bd7 29. Rd2 Be6 30. h3 Rc1+ 31. Kh2 Re1 32. Rb2 Ke5 33.
Rxb6 Kxf6 34. Nxe6 Kxe7 35. Nxf8 Kxf8 36. Rb3 Ke7 37. a4 Ra1 38. Rb4 Ra3 39. e4
dxe4 40. Rxe4+ Kf6 41. Rb4 Kg5 42. h4+ Kh5 43. Rf4 f5 44. g3 Kg6 45. Rc4 Ra2+
46. Kh3 Kh5 47. Rb4 Kg6 48. Rf4 Kh6 49. g4 Ra3+ 50. Kg2 fxg4 51. Rxg4 Kh5 52.
Rf4 h6 53. Kf2 Kg6 54. Ke2 Kh5 55. Kd2 Kg6 56. Kc2 h5 57. Kb2 Rg3 58. a5 Rd3
59. a6 Rd7 60. Ra4 Ra7 61. Ra5 Kf7 62. Kc3 Ke7 63. Kd4 Kd7 64. Ke5 Kc7 65. Kf4
Kb6 66. Rxh5 Kxa6 67. Rc5 Kb6 68. Rc3 Rf7+ 69. Kg5 Rg7+ 70. Kh6 Rg8 71. h5 Rg4
72. Kh7 Rg5 73. h6 Kb7 74. Kh8 Rg1 75. Kh7 Rg2 76. Rf3 Kc7 77. Rf6 Kd8 78. Rg6
Re2 79. Kg7 Re7+ 80. Kf6 Re1 81. h7 1-0

[Event "SR 2. liga A 2018/2019"]
[Site "?"]
[Date "2019.02.03"]
[Round "7.5"]
[White "Hrubsa, Marian"]
[Black "Hecko, Dusan"]
[Result "1/2-1/2"]
[WhiteElo "1898"]
[BlackElo "2060"]
[PlyCount "133"]
[EventDate "2018.??.??"]
[WhiteTeam "SK Skalica"]
[BlackTeam "SK Osuske B"]

1. e4 d5 2. exd5 Qxd5 3. Nc3 Qd6 4. b3 Nf6 5. Bb2 a6 6. Nf3 Bf5 7. d3 e6 8. Qd2
Nc6 9. a4 Be7 10. g3 O-O 11. Bg2 Rfe8 12. O-O h6 13. Rfe1 Rad8 14. Rad1 Qd7 15.
Ne2 Bh7 16. Qf4 Nd5 17. Qd2 {=} Bb4 18. c3 Bf8 19. d4 a5 20. Nc1 b6 21. Nd3 Bd6
22. Nde5 Bxe5 23. Nxe5 Nxe5 24. Rxe5 Nf6 25. Re2 b5 26. Ra1 c5 27. Re5 cxd4 28.
cxd4 Rc8 29. Rc1 Rxc1+ 30. Qxc1 Rc8 31. Rc5 {=} Rb8 32. Bc6 Qd6 33. Bxb5 Be4
34. Rc8+ Kh7 35. Rxb8 Qxb8 36. Qe3 Qb7 37. Bd3 g6 38. Bxe4 Nxe4 39. h4 Qd5 40.
Bc1 g5 41. hxg5 hxg5 42. Qd3 f5 43. Qc4 Qxc4 44. bxc4 Nc3 45. Bd2 Nxa4 46. Bxa5
Nb2 47. c5 Nc4 48. Bb4 Kg6 49. Kf1 e5 50. d5 Kf6 51. Ke2 e4 52. Bc3+ Ke7 53.
Bd4 f4 54. gxf4 gxf4 55. f3 e3 56. Bg7 Nd2 57. Be5 Nb3 58. c6 Nc1+ 59. Kd1 e2+
60. Ke1 Nd3+ 61. Kxe2 Nxe5 62. Kd2 Nxf3+ 63. Kd3 Ne5+ 64. Ke2 Kd6 65. Kf2 Nf7
66. c7 Kxc7 67. Kf3 1/2-1/2

[Event "SR 2. liga A 2018/2019"]
[Site "?"]
[Date "2019.02.03"]
[Round "7.6"]
[White "Gzib, David"]
[Black "Vogl, Zdenek"]
[Result "1-0"]
[WhiteElo "2096"]
[BlackElo "1851"]
[PlyCount "51"]
[EventDate "2018.??.??"]
[WhiteTeam "SK Osuske B"]
[BlackTeam "SK Skalica"]

1. e4 e5 2. Nf3 Nc6 3. d4 exd4 4. Nxd4 Nxd4 5. Qxd4 d6 6. Bc4 Be6 7. Bxe6 fxe6
8. Nc3 Nf6 9. e5 dxe5 10. Qxe5 Qd6 11. Qb5+ Qc6 12. Bf4 Bd6 13. Bxd6 cxd6 14.
O-O-O d5 15. Rhe1 Kf7 16. Qe2 Rhe8 17. g4 Qc4 18. Qxc4 dxc4 19. g5 Ng4 20. h3
Nh2 21. Re3 Rac8 22. Rh1 Rc5 23. Rxh2 Rxg5 24. Rh1 b5 25. Rd1 b4 26. Ne4 1-0

[Event "SR 2. liga A 2018/2019"]
[Site "?"]
[Date "2019.02.03"]
[Round "7.7"]
[White "Harastova, Viera"]
[Black "Diviak, Rastislav"]
[Result "1/2-1/2"]
[WhiteElo "1822"]
[BlackElo "1986"]
[PlyCount "28"]
[EventDate "2018.??.??"]
[WhiteTeam "SK Skalica"]
[BlackTeam "SK Osuske B"]

1. d4 d5 2. c4 e6 3. Nc3 c6 4. cxd5 exd5 5. Nf3 Nf6 6. Bg5 Be7 7. e3 O-O 8. Bd3
Nbd7 9. O-O Ne4 10. Bxe7 Qxe7 11. Qc2 f5 12. Rae1 Re8 13. Nd2 Ndf6 14. f3 Nxd2
1/2-1/2

[Event "SR 2. liga A 2018/2019"]
[Site "?"]
[Date "2019.02.03"]
[Round "7.8"]
[White "Vozarova, Adriana"]
[Black "Harasta, Marian"]
[Result "1/2-1/2"]
[WhiteElo "1637"]
[BlackElo "1644"]
[PlyCount "82"]
[EventDate "2018.??.??"]
[WhiteTeam "SK Osuske B"]
[BlackTeam "SK Skalica"]

1. e4 c5 2. Nf3 Nc6 3. d4 cxd4 4. Nxd4 e5 5. Nb3 Nf6 6. Bc4 Bb4+ 7. c3 Be7 8.
O-O d6 9. Re1 Bg4 10. Qd3 a6 11. a4 Rc8 12. Be3 O-O 13. N1d2 Bh5 14. a5 Qd7 15.
Bd5 Bg6 16. f3 Kh8 17. Nc4 Bd8 18. Bxc6 Rxc6 19. Red1 Be7 20. Nxe5 Qc8 21. Nxc6
bxc6 22. Bb6 d5 23. Qe3 dxe4 24. fxe4 Bxe4 25. Ra4 Bc2 26. Qxe7 Bxd1 27. Qb4
Nd5 28. Qc4 Qe6 29. Bf2 Qf5 30. Ra1 Bxb3 31. Qxb3 Nf4 32. Qc4 Qg4 33. Qxc6 Rd8
34. Qf3 Nh3+ 35. Kf1 Qc4+ 36. Qe2 Qxe2+ 37. Kxe2 Nxf2 38. Kxf2 Rd2+ 39. Kf1
Rxb2 40. Rc1 Rb5 41. c4 Rxa5 1/2-1/2

[Event "SR 2. liga A 2018/2019"]
[Site "?"]
[Date "2019.02.03"]
[Round "7.1"]
[White "Sahidi, Samir"]
[Black "Janos, Martin"]
[Result "1-0"]
[WhiteElo "2362"]
[BlackElo "2180"]
[PlyCount "127"]
[EventDate "2018.??.??"]
[WhiteTeam "SK Doprastav"]
[BlackTeam "SK Slovan Bratislava D"]

1. e4 c5 2. Nf3 Nc6 3. d4 cxd4 4. Nxd4 e5 5. Nb5 d6 6. c4 f5 7. exf5 Bxf5 8.
Be3 Be7 9. N1c3 a6 10. Na3 Nf6 11. Be2 O-O 12. O-O Kh8 13. Qd2 Qe8 14. f3 Rc8
15. Bd3 Bxd3 16. Qxd3 Nb4 17. Qd2 b5 18. Ne4 d5 19. Nxf6 gxf6 20. cxd5 Rd8 21.
Nc2 Nxd5 22. Qe2 Qg6 23. Rac1 Rc8 24. Na1 Rxc1 25. Rxc1 Rg8 26. g3 Bf8 27. Rd1
Qf7 28. a3 Nf4 29. Qd2 Ng6 30. Qd5 Qg7 31. Kf2 f5 32. Nb3 f4 33. Bd2 fxg3+ 34.
hxg3 Ne7 35. Qe4 Qxg3+ 36. Ke2 Ng6 37. Kd3 Bg7 38. Kc2 Rf8 39. Nc5 Qxf3 40.
Qxf3 Rxf3 41. Nxa6 h5 42. Nc7 h4 43. Nxb5 h3 44. Rh1 e4 45. a4 e3 46. Bc3 Nf4
47. a5 Bxc3 48. Nxc3 Rf2+ 49. Kb3 h2 50. a6 Ne6 51. a7 Nc7 52. Nd5 Na8 53. Nxe3
Kg8 54. Ng4 Rg2 55. Nxh2 Rg7 56. Ra1 Kf8 57. Ra4 Ke8 58. Rh4 Rg8 59. Rb4 Kd7
60. Ng4 Kc7 61. Nf6 Rd8 62. Ne4 Nb6 63. Nc3 Kb7 64. Na4 1-0

[Event "SR 2. liga A 2018/2019"]
[Site "?"]
[Date "2019.02.03"]
[Round "7.2"]
[White "Ac, Michal"]
[Black "Schwarz, Dusan"]
[Result "0-1"]
[WhiteElo "2145"]
[BlackElo "2330"]
[PlyCount "50"]
[EventDate "2018.??.??"]
[WhiteTeam "SK Slovan Bratislava D"]
[BlackTeam "SK Doprastav"]

1. d3 e5 2. g3 d5 3. Bg2 Nf6 4. Nf3 Nc6 5. O-O Be7 6. Nbd2 O-O 7. e4 dxe4 8.
Nxe4 Bg4 9. h3 Bh5 10. Nxf6+ Bxf6 11. g4 Bg6 12. Nd2 Bg5 13. Nc4 Re8 14. Bxg5
Qxg5 15. Bxc6 bxc6 16. f4 exf4 17. Qf3 Qh4 18. Rf2 Re6 19. Qxf4 Rf6 20. Qe3
Rxf2 21. Qxf2 Qxh3 22. Qf4 Re8 23. Ne5 f6 24. Nf3 Re2 25. Ne1 h5 0-1

[Event "SR 2. liga A 2018/2019"]
[Site "?"]
[Date "2019.02.03"]
[Round "7.3"]
[White "Vlcek, Stanislav"]
[Black "Janos, Jozef"]
[Result "1/2-1/2"]
[WhiteElo "2291"]
[BlackElo "2138"]
[PlyCount "35"]
[EventDate "2018.??.??"]
[WhiteTeam "SK Doprastav"]
[BlackTeam "SK Slovan Bratislava D"]

1. e4 c5 2. Nf3 d6 3. d4 cxd4 4. Nxd4 Nf6 5. Nc3 a6 6. f4 e6 7. Qf3 Qc7 8. g4
Nc6 9. Nb3 Be7 10. g5 Nd7 11. Be3 b5 12. O-O-O Bb7 13. Kb1 Rc8 14. Bd3 Nb4 15.
Rd2 Nc5 16. Nxc5 dxc5 17. h4 Nc6 18. Nd1 1/2-1/2

[Event "SR 2. liga A 2018/2019"]
[Site "?"]
[Date "2019.02.03"]
[Round "7.4"]
[White "Fabry, Robert"]
[Black "Cech, Dominik"]
[Result "1-0"]
[WhiteElo "2108"]
[BlackElo "2138"]
[PlyCount "115"]
[EventDate "2018.??.??"]
[WhiteTeam "SK Slovan Bratislava D"]
[BlackTeam "SK Doprastav"]

1. e4 e5 2. Nf3 Nc6 3. Bc4 Nf6 4. d3 Be7 5. Nc3 d6 6. h3 O-O 7. Be3 Na5 8. Bb3
Nxb3 9. axb3 c5 10. O-O h6 11. Ne2 d5 12. Ng3 Qc7 13. Nh2 dxe4 14. dxe4 Qc6 15.
Qf3 Re8 16. Rfe1 Nh7 17. Nf5 Bf8 18. Ng4 h5 19. Nh2 Bxf5 20. exf5 Qxf3 21. Nxf3
Nf6 22. Bg5 Nd5 23. c3 a6 24. Rad1 Nb6 25. f6 e4 26. Nd2 gxf6 27. Bxf6 e3 28.
fxe3 Bh6 29. e4 Nd7 30. Bh4 Ne5 31. Nc4 b5 32. Nxe5 Rxe5 33. Bg3 Re6 34. Rd5
Bf8 35. Rxh5 a5 36. Bf2 Rc8 37. Rg5+ Rg6 38. Rxg6+ fxg6 39. Ra1 Ra8 40. Kf1 Kf7
41. Ke2 Ke6 42. Bg3 Be7 43. Bc7 a4 44. bxa4 bxa4 45. Kd3 Kd7 46. Bg3 Kc6 47.
Kc4 Ra7 48. Bf4 Bf8 49. h4 Be7 50. g3 Bd8 51. e5 Be7 52. Be3 Ra5 53. Ra3 Ra7
54. Bc1 Bd8 55. b3 Rf7 56. Rxa4 Rf3 57. Ra6+ Bb6 58. Bf4 1-0

[Event "SR 2. liga A 2018/2019"]
[Site "?"]
[Date "2019.02.03"]
[Round "7.5"]
[White "Polacik, Igor"]
[Black "Kolman, Richard"]
[Result "1-0"]
[WhiteElo "2196"]
[BlackElo "1979"]
[PlyCount "71"]
[EventDate "2018.??.??"]
[WhiteTeam "SK Doprastav"]
[BlackTeam "SK Slovan Bratislava D"]

1. d4 d5 2. c4 e6 3. Nc3 c5 4. e3 Nf6 5. Nf3 a6 6. a3 cxd4 7. exd4 dxc4 8. Bxc4
b5 9. Ba2 Bb7 10. O-O Be7 11. Bg5 O-O 12. Qd3 Nbd7 13. Rac1 Re8 14. Rfe1 Rc8
15. Bb1 Nf8 16. Ba2 Ng6 17. Rcd1 Nd5 18. Bxe7 Rxe7 19. Ne4 Qb6 20. Nc5 Ba8 21.
Ne4 Ngf4 22. Qd2 Rec7 23. Bb1 b4 24. Ne5 Ng6 25. Nc5 a5 26. Nc4 Qa7 27. Ne5
bxa3 28. bxa3 Ndf4 29. Nxg6 Nxg6 30. Qg5 Qb6 31. h4 Qd6 32. f3 Qf4 33. Bxg6
Qxg5 34. Bxf7+ Kxf7 35. hxg5 Bd5 36. Kf2 1-0

[Event "SR 2. liga A 2018/2019"]
[Site "?"]
[Date "2019.02.03"]
[Round "7.6"]
[White "Mikulas, Dusan"]
[Black "Vrbova, Niki"]
[Result "0-1"]
[WhiteElo "1973"]
[BlackElo "2154"]
[PlyCount "104"]
[EventDate "2018.??.??"]
[WhiteTeam "SK Slovan Bratislava D"]
[BlackTeam "SK Doprastav"]

1. e4 c5 2. Nf3 Nc6 3. d4 cxd4 4. Nxd4 Nf6 5. Nc3 e5 6. Ndb5 d6 7. Bg5 a6 8.
Na3 b5 9. Nd5 Qa5+ 10. Bd2 Qd8 11. Bg5 Be7 12. Bxf6 Bxf6 13. c3 O-O 14. Nc2 Rb8
15. a4 Bg5 16. axb5 axb5 17. h4 Bh6 18. g4 Bf4 19. Nce3 Bxe3 20. Nxe3 Ne7 21.
Nf5 Bxf5 22. gxf5 d5 23. Qg4 Kh8 24. Rg1 Rg8 25. Rd1 d4 26. Rg3 Nc6 27. Be2 h6
28. Kf1 Qf6 29. Kg2 b4 30. cxd4 Nxd4 31. Bc4 Rbc8 32. b3 Ra8 33. Kh1 Ra2 34.
Rg2 Rb2 35. Rdg1 Kh7 36. Qh5 g6 37. fxg6+ Rxg6 38. Rxg6 fxg6 39. Qg4 Qf3+ 40.
Qxf3 Nxf3 41. Rf1 Kg7 42. h5 gxh5 43. Kg2 Nd2 44. Re1 Nxb3 45. Kg3 Nd2 46. Bd5
Rc2 47. Re2 Rc3+ 48. Kh4 Rd3 49. Kxh5 b3 50. Re1 b2 51. Ba2 Rh3+ 52. Kg4 Ra3
0-1

[Event "SR 2. liga A 2018/2019"]
[Site "?"]
[Date "2019.02.03"]
[Round "7.7"]
[White "Petrik, Stanislav"]
[Black "Tepper, Frantisek"]
[Result "1/2-1/2"]
[WhiteElo "2143"]
[BlackElo "2008"]
[PlyCount "64"]
[EventDate "2018.??.??"]
[WhiteTeam "SK Doprastav"]
[BlackTeam "SK Slovan Bratislava D"]

1. e4 e5 2. Nf3 Nc6 3. c3 Be7 4. d4 d6 5. Bb5 Bd7 6. O-O Nf6 7. Re1 O-O 8. Nbd2
Nxd4 9. cxd4 Bxb5 10. Qb3 Ba6 11. dxe5 dxe5 12. Nxe5 Qd4 13. Ndf3 Qb4 14. Qc2
Qc5 15. Qxc5 Bxc5 16. Bg5 Rfd8 17. Bxf6 gxf6 18. Ng4 Be7 19. Rac1 c6 20. a3 Kf8
21. Nh6 Bd6 22. Nf5 Be5 23. Nxe5 fxe5 24. Rc3 Rd3 25. Rxd3 Bxd3 26. Re3 Rd8 27.
g4 f6 28. Kg2 c5 29. f3 b6 30. Kg3 Bc4 31. Rc3 Be6 32. Ne3 Kf7 1/2-1/2

[Event "SR 2. liga A 2018/2019"]
[Site "?"]
[Date "2019.02.03"]
[Round "7.8"]
[White "Kuna, Vladimir"]
[Black "Bednar, Jan"]
[Result "1/2-1/2"]
[WhiteElo "2009"]
[BlackElo "2055"]
[PlyCount "92"]
[EventDate "2018.??.??"]
[WhiteTeam "SK Slovan Bratislava D"]
[BlackTeam "SK Doprastav"]

1. d4 Nf6 2. Nf3 e6 3. c4 b6 4. Nc3 Bb7 5. e3 Be7 6. Be2 O-O 7. O-O c5 8. b3
cxd4 9. Nxd4 a6 10. Bf3 Qc7 11. Bb2 d6 12. Bxb7 Qxb7 13. Qf3 Qxf3 14. Nxf3 Nc6
15. Rfd1 Rfd8 16. h3 Rab8 17. Rac1 h6 18. Kf1 Kf8 19. Ke2 Rdc8 20. Ba3 d5 21.
Bxe7+ Nxe7 22. cxd5 Nexd5 23. Nxd5 Nxd5 24. Ne5 Ke8 25. Ke1 b5 26. a3 b4 27.
Rxc8+ Rxc8 28. Nc4 Ke7 29. a4 f5 30. Rd4 g5 31. g3 Kf6 32. Kf1 Rc5 33. Ke1 h5
34. h4 g4 35. Kf1 Rc6 36. Ke1 Ke7 37. Kf1 Rc7 38. Ke1 Nc3 39. Nb2 Ne4 40. Nc4
Rc5 41. Kf1 Rd5 42. Ke2 Rxd4 43. exd4 Nc3+ 44. Ke3 Nd5+ 45. Kd3 f4 46. Ne5 fxg3
1/2-1/2

[Event "SR 2. liga A 2018/2019"]
[Site "?"]
[Date "2019.02.03"]
[Round "7.1"]
[White "Slacky, Stanislav"]
[Black "Kostolansky, Sebastian"]
[Result "0-1"]
[WhiteElo "2153"]
[BlackElo "2303"]
[PlyCount "56"]
[EventDate "2018.??.??"]
[WhiteTeam "SK Krasnany"]
[BlackTeam "SK Slovan Bratislava E"]

1. b3 Nf6 2. Bb2 g6 3. Bxf6 exf6 4. c4 Bg7 5. Nc3 O-O 6. g3 d6 7. Bg2 f5 8. Rc1
Nd7 9. e3 Nf6 10. d3 c6 11. Nge2 h5 12. h4 Re8 13. O-O Ng4 14. Qd2 g5 15. hxg5
Qxg5 16. Bh3 h4 17. Bxg4 Qxg4 18. f3 Qg5 19. f4 Qg4 20. Rf2 Re6 21. Nd1 Rg6 22.
Qe1 Bd7 23. e4 Bf6 24. Qf1 Kg7 25. Rg2 Rh8 26. gxh4 Qxh4 27. Rxg6+ fxg6 28. Qf3
Qe1+ 0-1

[Event "SR 2. liga A 2018/2019"]
[Site "?"]
[Date "2019.02.03"]
[Round "7.2"]
[White "Nestorenko, Dmitry"]
[Black "Bronis, Marian"]
[Result "1/2-1/2"]
[WhiteElo "2146"]
[BlackElo "2081"]
[PlyCount "91"]
[EventDate "2018.??.??"]
[WhiteTeam "SK Slovan Bratislava E"]
[BlackTeam "SK Krasnany"]

1. e4 c5 2. c3 d6 3. d4 Nf6 4. Bd3 Nc6 5. Ne2 g6 6. d5 Nb8 7. O-O Bg7 8. c4 O-O
9. Bd2 e6 10. Bc3 exd5 11. cxd5 b5 12. b3 Nbd7 13. Nd2 Rb8 14. a4 b4 15. Bb2
Re8 16. Qc2 Ne5 17. Bb5 Bd7 18. Bxd7 Nfxd7 19. f4 Ng4 20. Bxg7 Kxg7 21. Qd3 f5
22. Ng3 Ndf6 23. h3 fxe4 24. Ngxe4 Nxe4 25. Nxe4 Nf6 26. Ng5 Qb6 27. Kh2 Qb7
28. Rad1 Kg8 29. f5 Re5 30. fxg6 Ng4+ 31. hxg4 Rxg5 32. gxh7+ Qxh7+ 33. Qxh7+
Kxh7 34. Rf7+ Rg7 35. Rf4 Re8 36. Rd3 Kg6 37. Rdf3 Rd7 38. Kg3 Re5 39. Rf5 Re1
40. Rf6+ Kg7 41. Kh4 Rd1 42. R6f5 Rh1+ 43. Kg5 Re1 44. Rh3 Re4 45. a5 Kg8 46.
Rhf3 1/2-1/2

[Event "SR 2. liga A 2018/2019"]
[Site "?"]
[Date "2019.02.03"]
[Round "7.3"]
[White "Janos, Ivan"]
[Black "Turna, Stefan"]
[Result "1-0"]
[WhiteElo "2109"]
[BlackElo "2176"]
[PlyCount "80"]
[EventDate "2018.??.??"]
[WhiteTeam "SK Krasnany"]
[BlackTeam "SK Slovan Bratislava E"]

1. e4 c5 2. Nf3 e6 3. d3 Nc6 4. g3 g6 5. Bg2 Bg7 6. O-O Rb8 7. Nbd2 Nge7 8. Re1
d6 9. Nf1 b5 10. c3 b4 11. d4 bxc3 12. bxc3 O-O 13. Bg5 Ba6 14. Qd2 Re8 15. Bh6
Bh8 16. Ng5 e5 17. d5 Na5 18. f4 Nc4 19. Qf2 Rb2 20. Qf3 Bc8 21. Re2 Rb7 22.
Nd2 Nxd2 23. Rxd2 f6 24. fxe5 fxg5 25. exd6 Qxd6 26. Rf1 Nf5 27. exf5 Rf7 28.
Re2 Be5 29. Bxg5 Rxf5 30. Bf4 g5 31. Qh5 Qg6 32. Qxg6+ hxg6 33. Bh3 gxf4 34.
Bxf5 Bxf5 35. Rfe1 Bd4+ 36. cxd4 Rxe2 37. Rxe2 cxd4 38. gxf4 d3 39. Rd2 Be4 40.
Kf2 Bxd5 1-0

[Event "SR 2. liga A 2018/2019"]
[Site "?"]
[Date "2019.02.03"]
[Round "7.4"]
[White "Hacik, Radomir"]
[Black "Biro, Karol"]
[Result "1/2-1/2"]
[WhiteElo "2140"]
[BlackElo "2072"]
[PlyCount "71"]
[EventDate "2018.??.??"]
[WhiteTeam "SK Slovan Bratislava E"]
[BlackTeam "SK Krasnany"]

1. e4 e5 2. Nf3 Nc6 3. Bb5 a6 4. Ba4 Nf6 5. O-O Be7 6. Re1 b5 7. Bb3 O-O 8. a4
b4 9. d3 d6 10. a5 Bg4 11. Be3 d5 12. h3 Bxf3 13. Qxf3 dxe4 14. dxe4 Nd4 15.
Bxd4 Qxd4 16. c3 bxc3 17. bxc3 Qc5 18. Nd2 Rab8 19. Reb1 Rb5 20. Bc2 Rxb1+ 21.
Bxb1 Rb8 22. Qd3 Rd8 23. Qc2 Nh5 24. Ba2 Nf4 25. Nc4 Bh4 26. Ne3 Qxc3 27. Qxc3
Ne2+ 28. Kf1 Nxc3 29. Bd5 Bg5 30. Ra3 Nxd5 31. Nxd5 c6 32. Nb4 Rc8 33. Rc3 c5
34. Rc4 Bd8 35. Nxa6 Bxa5 36. Rxc5 1/2-1/2

[Event "SR 2. liga A 2018/2019"]
[Site "?"]
[Date "2019.02.03"]
[Round "7.5"]
[White "Mandak, Miroslav"]
[Black "Zetocha, Adrian"]
[Result "0-1"]
[WhiteElo "1976"]
[BlackElo "2213"]
[PlyCount "78"]
[EventDate "2018.??.??"]
[WhiteTeam "SK Krasnany"]
[BlackTeam "SK Slovan Bratislava E"]

1. e4 c6 2. d4 d5 3. e5 Bf5 4. h4 h5 5. c3 e6 6. Be2 c5 7. Be3 Nc6 8. Nd2 Nge7
9. Ngf3 Qc7 10. O-O Rd8 11. a3 c4 12. b3 cxb3 13. Qxb3 Na5 14. Qb2 Nec6 15.
Rfc1 Be7 16. c4 dxc4 17. Nxc4 Nxc4 18. Bxc4 O-O 19. Be2 Rd7 20. Bb5 Be4 21.
Bxc6 bxc6 22. Ng5 Bxg5 23. hxg5 Rb8 24. Qc3 Qd8 25. f3 Bd5 26. Rab1 Rdb7 27.
Qa1 Qe7 28. Rxb7 Qxb7 29. Bd2 Qb5 30. Re1 h4 31. Kh2 Qd3 32. Bb4 Qf5 33. Qc1 h3
34. Rf1 hxg2 35. Kxg2 a5 36. Bd2 Qg4+ 37. Kh2 Qxd4 38. f4 Rb2 39. Rd1 Qf2+ 0-1

[Event "SR 2. liga A 2018/2019"]
[Site "?"]
[Date "2019.02.03"]
[Round "7.6"]
[White "Vadila, Ondrej"]
[Black "Kohlmann, Robert"]
[Result "1/2-1/2"]
[WhiteElo "2128"]
[BlackElo "2073"]
[PlyCount "64"]
[EventDate "2018.??.??"]
[WhiteTeam "SK Slovan Bratislava E"]
[BlackTeam "SK Krasnany"]

1. d4 Nf6 2. Bf4 g6 3. Nc3 d6 4. e4 Bg7 5. Qd2 c6 6. O-O-O b5 7. f3 b4 8. Nb1
O-O 9. Bh6 Qa5 10. h4 Be6 11. h5 Nbd7 12. hxg6 fxg6 13. Bxg7 Kxg7 14. Qh6+ Kf7
15. g4 Ke8 16. Ne2 Bg8 17. Ng3 Nb6 18. a3 Na4 19. Qe3 Rb8 20. axb4 Qxb4 21. b3
a5 22. bxa4 Qxb1+ 23. Kd2 Qb4+ 24. Qc3 Qxc3+ 25. Kxc3 Rb4 26. Be2 Kd7 27. g5
Nh5 28. Nxh5 gxh5 29. Rxh5 Rxa4 30. Rb1 Ra3+ 31. Kd2 Kc7 32. Rh6 e5 1/2-1/2

[Event "SR 2. liga A 2018/2019"]
[Site "?"]
[Date "2019.02.03"]
[Round "7.7"]
[White "Zacik, Anton"]
[Black "Djubek, Boris"]
[Result "1/2-1/2"]
[WhiteElo "1934"]
[BlackElo "2054"]
[PlyCount "25"]
[EventDate "2018.??.??"]
[WhiteTeam "SK Krasnany"]
[BlackTeam "SK Slovan Bratislava E"]

1. e4 c5 2. d4 cxd4 3. c3 dxc3 4. Nxc3 Nc6 5. Nf3 d6 6. Bc4 e6 7. O-O Be7 8.
Qe2 Nf6 9. Rd1 Bd7 10. Bg5 Qb8 11. Bxf6 gxf6 12. Qd2 a6 13. a4 1/2-1/2

[Event "SR 2. liga A 2018/2019"]
[Site "?"]
[Date "2019.02.03"]
[Round "7.8"]
[White "Cambel, Vladimir"]
[Black "Kebis, Milos"]
[Result "1-0"]
[WhiteElo "1970"]
[BlackElo "1812"]
[PlyCount "43"]
[EventDate "2018.??.??"]
[WhiteTeam "SK Slovan Bratislava E"]
[BlackTeam "SK Krasnany"]

1. d4 Nf6 2. Bf4 d6 3. Nc3 b6 4. e4 Bb7 5. Bd3 e6 6. Qe2 Be7 7. Nf3 Nbd7 8.
O-O-O O-O 9. h4 Rc8 10. e5 Nd5 11. Nxd5 Bxd5 12. Bxh7+ Kh8 13. Ng5 g6 14. c4
Bb7 15. Nxf7+ Rxf7 16. Bxg6 Rg7 17. Qh5+ Kg8 18. Bh6 Qf8 19. Rh3 dxe5 20. dxe5
Nxe5 21. Qxe5 Qf6 22. Bxg7 1-0

[Event "SR 2. liga A 2018/2019"]
[Site "?"]
[Date "2019.02.03"]
[Round "7.1"]
[White "Kovacocy, Pavel"]
[Black "Gabris, Ondrej"]
[Result "1-0"]
[WhiteElo "2278"]
[BlackElo "2172"]
[PlyCount "75"]
[EventDate "2018.??.??"]
[WhiteTeam "Lokomotiva Trnava"]
[BlackTeam "KS Pezinok"]

1. e4 d6 2. d4 Nf6 3. Nc3 g6 4. Nf3 Bg7 5. h3 c6 6. a4 O-O 7. Be3 Qa5 8. Qd2
Nbd7 9. Be2 e5 10. O-O Re8 11. d5 cxd5 12. Nxd5 Qxd2 13. Nxd2 Nxd5 14. exd5 Nf6
15. c4 a5 16. Bb6 e4 17. Bc7 e3 18. fxe3 Rxe3 19. Kf2 Re8 20. Bd3 Nh5 21. Rae1
Bd7 22. Bxd6 Bxb2 23. Bc2 Bc3 24. Rxe8+ Rxe8 25. Nf3 Rc8 26. Rb1 Rxc4 27. Rxb7
Nf6 28. Bb3 Rc8 29. Ke3 Bf5 30. Be7 Kg7 31. g4 Bd7 32. g5 Bxh3 33. gxf6+ Bxf6
34. d6 Bxe7 35. dxe7 Kf6 36. Bd5 Re8 37. Nd2 Rxe7+ 38. Ne4+ 1-0

[Event "SR 2. liga A 2018/2019"]
[Site "?"]
[Date "2019.02.03"]
[Round "7.2"]
[White "Michal, Silvio"]
[Black "Arendas, Marek"]
[Result "1/2-1/2"]
[WhiteElo "2102"]
[BlackElo "2122"]
[PlyCount "48"]
[EventDate "2018.??.??"]
[WhiteTeam "KS Pezinok"]
[BlackTeam "Lokomotiva Trnava"]

1. Nf3 Nf6 2. c4 c5 3. d4 cxd4 4. Nxd4 Nc6 5. Nc3 e6 6. Ndb5 d6 7. Bf4 e5 8.
Bg3 a6 9. Na3 Be7 10. e4 Rb8 11. Nc2 Nxe4 12. Nxe4 f5 13. Nc3 f4 14. Bd3 Be6
15. f3 fxg3 16. hxg3 Qb6 17. Qd2 Nb4 18. Nxb4 Qxb4 19. Rxh7 Rxh7 20. Bxh7 Qxc4
21. Be4 Qc5 22. O-O-O b5 23. Kb1 Rc8 24. Bg6+ Kd7 1/2-1/2

[Event "SR 2. liga A 2018/2019"]
[Site "?"]
[Date "2019.02.03"]
[Round "7.3"]
[White "Puchart, Vladimir"]
[Black "Gazi, Mikulas"]
[Result "1/2-1/2"]
[WhiteElo "2019"]
[BlackElo "2001"]
[PlyCount "47"]
[EventDate "2018.??.??"]
[WhiteTeam "Lokomotiva Trnava"]
[BlackTeam "KS Pezinok"]

1. d4 Nf6 2. c4 g6 3. Nc3 d5 4. cxd5 Nxd5 5. e4 Nxc3 6. bxc3 Bg7 7. Bc4 O-O 8.
Be3 c5 9. Ne2 cxd4 10. cxd4 Qa5+ 11. Qd2 Qxd2+ 12. Kxd2 Nc6 13. Rhd1 Rd8 14.
Ke1 Bd7 15. Rac1 Rac8 16. Nf4 e5 17. dxe5 Nxe5 18. Bd5 Rxc1 19. Bxc1 Ba4 20.
Bb3 Rxd1+ 21. Kxd1 Bxb3+ 22. axb3 Ng4 23. f3 Ne5 24. Nd5 1/2-1/2

[Event "SR 2. liga A 2018/2019"]
[Site "?"]
[Date "2019.02.03"]
[Round "7.4"]
[White "Beles, Milan"]
[Black "Szitkey, Milan"]
[Result "0-1"]
[WhiteElo "2040"]
[BlackElo "2046"]
[PlyCount "92"]
[EventDate "2018.??.??"]
[WhiteTeam "KS Pezinok"]
[BlackTeam "Lokomotiva Trnava"]

1. e4 e6 2. d4 d5 3. Bd3 dxe4 4. Bxe4 Nf6 5. Bf3 c5 6. Ne2 Nc6 7. Be3 Nd5 8.
Nbc3 Nxe3 9. fxe3 Be7 10. dxc5 Qa5 11. Nd4 Qxc5 12. Nxc6 bxc6 13. Qd4 O-O 14.
Qxc5 Bxc5 15. Kf2 Bb7 16. Na4 Be7 17. Rad1 Rad8 18. c4 f5 19. c5 f4 20. exf4
Rxf4 21. Rxd8+ Bxd8 22. Rd1 Bf6 23. b3 Bd4+ 24. Kg3 e5 25. h3 Kf7 26. Be2 Ke7
27. Bf3 g6 28. Rd2 h5 29. Kh2 h4 30. Kh1 Ba6 31. Kh2 Bb5 32. Kh1 Bxa4 33. bxa4
Bxc5 34. Re2 Kd6 35. Re4 g5 36. Rxf4 gxf4 37. g4 fxg3 38. Kg2 Be3 39. Kf1 c5
40. Ke2 Bd4 41. Kd3 Ke6 42. Be4 Kf6 43. Bg2 Kg5 44. Bf3 Kf4 45. Bd5 Bf2 46. Bg2
e4+ 0-1

[Event "SR 2. liga A 2018/2019"]
[Site "?"]
[Date "2019.02.03"]
[Round "7.5"]
[White "Kolenak, Matus"]
[Black "Syrovy, Ivan"]
[Result "1-0"]
[WhiteElo "1974"]
[BlackElo "1979"]
[PlyCount "81"]
[EventDate "2018.??.??"]
[WhiteTeam "Lokomotiva Trnava"]
[BlackTeam "KS Pezinok"]

1. Nf3 d6 2. d4 g6 3. c4 Bg7 4. g3 c6 5. Bg2 Qc7 6. O-O e5 7. Nc3 Ne7 8. e4 O-O
9. Be3 Nd7 10. Qd2 Re8 11. Ng5 exd4 12. Bxd4 Ne5 13. b3 f6 14. Nf3 a6 15. Rac1
Bg4 16. Ne1 Rad8 17. f4 Nf7 18. h3 Bc8 19. Qf2 c5 20. Be3 Qa5 21. Nd5 Nxd5 22.
exd5 b5 23. Nd3 Bf5 24. Rfd1 Re7 25. g4 Be4 26. b4 Qa3 27. bxc5 Bxd3 28. cxd6
Nxd6 29. Bc5 b4 30. Bxd6 Rxd6 31. c5 Rd8 32. d6 Re2 33. Qd4 Bb5 34. c6 f5 35.
Qd5+ Kf8 36. c7 Rc8 37. d7 Bxd7 38. Qxd7 Ree8 39. Re1 Bc3 40. Rxe8+ Rxe8 41.
Qxe8+ 1-0